Eigenkapital im europäischen Bankenwettbewerb.
Miesto sporiteľní medzi nemeckými úverovými ústavmi a budovanie ich pozícií na kapitálovom trhu. Rozhodujúca úloha komunálnych sporiteľní. Vlastný kapitál sporiteľní a rozdiely v zdrojoch jeho tvorby od iných peňažných ústavov. Vývoj koeficientu solvability. Dodatočný kapitál. Tiché spolupodieľnictv...
Saved in:
| Main Author: | |
|---|---|
| Format: | Book Chapter |
| Language: | German |
| Subjects: | |
| Tags: |
No Tags, Be the first to tag this record!
|
MARC
| LEADER | 00000naa a2200000 4500 | ||
|---|---|---|---|
| 001 | r007055 | ||
| 005 | 20221208122725.4 | ||
| 041 | 0 | |a ger | |
| 044 | |a DE | ||
| 245 | 1 | 0 | |a Eigenkapital im europäischen Bankenwettbewerb. |c W. Zügel |
| 520 | |a Miesto sporiteľní medzi nemeckými úverovými ústavmi a budovanie ich pozícií na kapitálovom trhu. Rozhodujúca úloha komunálnych sporiteľní. Vlastný kapitál sporiteľní a rozdiely v zdrojoch jeho tvorby od iných peňažných ústavov. Vývoj koeficientu solvability. Dodatočný kapitál. Tiché spolupodieľnictvo a jeho cena a nevýhody pre sporiteľňu. Sporiteľne ako akciové spoločnosti a ich ekonomické výhody. | ||
| 610 | 2 | 0 | |a sporiteľne |
| 610 | 2 | 0 | |a kapitál |
| 610 | 2 | 0 | |a spoločnosti akciové |
| 610 | 2 | 0 | |a Nemecko |
| 610 | 2 | 0 | |a trh kapitálový |
| 100 | 1 | |a Zügel, W. | |